| 000 | 00490nam a2200169Ia 4500 | ||
|---|---|---|---|
| 008 | 151213s9999 xx 000 0 und d | ||
| 020 | _a0-13-376716-7 | ||
| 082 |
_a658 _b658 |
||
| 100 | _aIan Brooks / Jamie Weatherston | ||
| 245 |
_aThe Business Environment Challenge and Changes _cIan Brooks / Jamie Weatherston |
||
| 260 |
_aLondon _bPrentic Hall _c1997 |
||
| 300 | _a9296 p. | ||
| 650 | _aBusiness | ||
| 650 | _aBusiness | ||
| 700 | _aIan Brooks / Jamie Weatherston | ||
| 999 |
_c4758 _d4758 |
||